00521nam a2200145Ia 4500008004100000100001100041245011000052245002600162260000900188300001100197650001300208856006200221999001900283952007300302170221s9999 xx 000 0 und d aYan Lu aToo Good to be True? An Analysis of the Options Market's Reactions to Earnings Releases (pages 830–848) cYan Lu and Sugata Ray c2016 a15 : 5 xBusiness uhttp://onlinelibrary.wiley.com/doi/10.1111/jbfa.12214/pdf c311767d311767 001040aCLbCLd2017-02-21l0r2017-02-21 00:00:00w2017-02-21yFOJ